header

Readings in second language pedagogy and second language acquisition (Record no. 183767)

MARC details
000 -LEADER
fixed length control field 01482nam a2200349Ia 4500
082 04 - DEWEY DECIMAL CLASSIFICATION NUMBER
Classification number 407.1/052
245 00 - TITLE STATEMENT
Title Readings in second language pedagogy and second language acquisition
260 ## - PUBLICATION, DISTRIBUTION, ETC. (IMPRINT)
Place of publication Philadelphia, PA :
Name of publisher John Benjamins Pub. Co.,
Year of publication c2006.
300 ## - PHYSICAL DESCRIPTION
Number of Pages 271 p.
490 1# - SERIES STATEMENT
Series statement Usage-based linguistic informatics,
650 #0 - SUBJECT ADDED ENTRY--TOPICAL TERM
Topical Term Language and languages
Topical Term Second language acquisition
700 1# - ADDED ENTRY--PERSONAL NAME
Personal name Yoshitomi, Asako.
Personal name Umino, Tae.
Personal name Negishi, Masashi,
856 40 - ELECTRONIC LOCATION AND ACCESS
Uniform Resource Identifier http://site.ebrary.com/lib/rucke/Doc?id=10132057

No items available.

© 2026 Rongo University
Contact us: librarian | system librarian | Rongo university